LEADER 02137nam 2200469 450 001 9910716586603321 005 20210608090723.0 035 $a(CKB)5470000002522286 035 $a(OCoLC)1255477536 035 $a(EXLCZ)995470000002522286 100 $a20210608d2020 ua 0 101 0 $aeng 135 $aur||||||||||| 181 $ctxt$2rdacontent 182 $cc$2rdamedia 183 $acr$2rdacarrier 200 10$aApplication of decadal modeling approach to forecast barrier island evolution, Dauphin Island, Alabama /$fRangley C. Mickey [and seven others] 210 1$aReston, Virginia :$cU.S. Department of the Interior, U.S. Geological Survey,$d2020. 215 $a1 online resource (viii, 45 pages) $ccolor illustrations, color maps 225 1 $aOpen-file report,$x2331-1258 ;$v2020-1001 300 $a"Prepared in cooperation with the U.S. Army Corps of Engineers, the Water Institute of the Gulf, and the University of North Carolina at Wilmington." 320 $aIncludes bibliographical references (pages 43-45). 606 $aEcological forecasting$zAlabama$zDauphin Island$xMathematical models 606 $aSea level$zAlabama$zDauphin Island$xMathematical models 606 $aCoast changes$zAlabama$zDauphin Island$xMathematical models 606 $aBarrier island ecology$zAlabama$zDauphin Island$xMathematical models 606 $aGeophysical prediction$xMathematical models 615 0$aEcological forecasting$xMathematical models. 615 0$aSea level$xMathematical models. 615 0$aCoast changes$xMathematical models. 615 0$aBarrier island ecology$xMathematical models. 615 0$aGeophysical prediction$xMathematical models. 700 $aMickey$b Rangley C.$01396699 712 02$aGeological Survey (U.S.), 712 02$aUnited States.$bArmy.$bCorps of Engineers. 712 02$aUniversity of North Carolina at Wilmington. 801 0$bGPO 801 1$bGPO 906 $aBOOK 912 $a9910716586603321 996 $aApplication of decadal modeling approach to forecast barrier island evolution, Dauphin Island, Alabama$93545883 997 $aUNINA